Normal view
MARC view
Entry Personal Name
001 - CONTROL NUMBER
- control field: 1195763
003 - CONTROL NUMBER IDENTIFIER
- control field: OSt
005 - DATE AND TIME OF LATEST TRANSACTION
- control field: 20260324134142.0
008 - FIXED-LENGTH DATA ELEMENTS
- fixed length control field: 260324|| aca||aabn | a|a d
040 ## - CATALOGING SOURCE
- Original cataloging agency: OSt
- Transcribing agency: OSt
100 ## - HEADING--PERSONAL NAME
- Personal name: N. Ole Nielsen; Bill L. Lasley; Dennis E. Rolston; David J. Rapport; Calvin O. Qualset; Ardeshir B. Damania
670 ## - SOURCE DATA FOUND
- Source citation: Work cat.: (OSt)1795526: N. Ole Nielsen; Bill L. Lasley; Dennis E. Rolston; David J. Rapport; Calvin O. Qualset; Ardeshir B. Damania, Managing for Healthy Ecosystems
